Financovanie modernizácie železničnej dopravnej infraštruktúry v Slovenskej republike z prostriedkov finančnej pomoci Európskej únie v programovom období rokov 2007-2013 v kontexte trvalo udržateľného ekonomického rozvoja

Investície do zlepšenia dopravnej infraštruktúry majú pozitívny dopad na ekonomický rozvoj regiónov, zamestnanosť a životné prostredie. Modernizácia železničnej infraštruktúry je významnou prioritou členských krajín Európskej únie.

Na minha lista:
Detalhes bibliográficos
Autor principal: Rakovský, Matúš
Formato: Capítulo de Livro
Idioma:eslovaco
Assuntos:
Tags: Adicionar Tag
Sem tags, seja o primeiro a adicionar uma tag!

MARC

LEADER 00000nla$a2200000$$$4500
001 0144862
005 20240502072611.0
041 0 |a slo 
044 |a SK 
245 1 0 |a Financovanie modernizácie železničnej dopravnej infraštruktúry v Slovenskej republike z prostriedkov finančnej pomoci Európskej únie v programovom období rokov 2007-2013 v kontexte trvalo udržateľného ekonomického rozvoja  |c Matúš Rakovský 
520 |a Investície do zlepšenia dopravnej infraštruktúry majú pozitívny dopad na ekonomický rozvoj regiónov, zamestnanosť a životné prostredie. Modernizácia železničnej infraštruktúry je významnou prioritou členských krajín Európskej únie. 
610 2 0 |a Európska únia 
610 2 0 |a Slovensko 
610 2 0 |a železnice 
610 2 0 |a siete železničné 
610 2 0 |a infraštruktúra dopravná 
610 2 0 |a modernizácia 
610 2 0 |a fondy štruktúrne 
610 2 0 |a fond kohézny 
610 2 0 |a rozvoj regionálny 
610 2 0 |a spolupráca medzinárodná 
100 1 |a Rakovský, Matúš